[Event "NOR-chT Elite 1920"]
[Site "Norway"]
[Date "2020.01.17"]
[Round "4.1"]
[White "Andersen, Lars Even"]
[Black "Bergvoll, Mats"]
[Result "1-0"]
[WhiteElo "2294"]
[BlackElo "2075"]
[PlyCount "81"]
[EventDate "2019.11.01"]
[EventType "team-tourn"]
[EventRounds "9"]
[EventCountry "NOR"]
[SourceTitle "CBM 195 Extra"]
[Source "ChessBase"]
[SourceDate "2020.05.31"]
[SourceVersion "1"]
[SourceVersionDate "2020.05.31"]
[SourceQuality "1"]
[WhiteTeam "OSS"]
[BlackTeam "Tromsoe"]
[WhiteTeamCountry "NOR"]
[BlackTeamCountry "NOR"]

1. d4 Nf6 2. c4 e6 3. g3 d5 4. Bg2 dxc4 5. Qa4+ Bd7 6. Qxc4 Bc6 7. Nf3 Nbd7 8. Nc3 Be7 9. 0-0 0-0 10. Qd3 Rb8 11. Rd1 b5 12. a3 a5 13. Bf4 b4 14. axb4 axb4 15. Na4 Ra8 16. b3 Be4 17. Qc4 Bd5 18. Qc2 Be4 19. Qb2 Nd5 20. Ne5 Bxg2 21. Kxg2 Nxf4+ 22. gxf4 Bd6 23. e3 Nf6 24. Rac1 Nd5 25. Qe2 f6 26. Nd3 Qe8 27. Qf3 f5 28. Kh1 Rf6 29. Rg1 Kh8 30. Rg3 Rg6 31. Ne5 Rxg3 32. hxg3 Kg8 33. Qe2 Rb8 34. Kg2 Nf6 35. Qc4 Nd5 36. Qc6 Kf8 37. Nd7+ Ke7 38. Nxb8 Qxb8 39. Nc5 Nf6 40. Nb7 Qe8 41. Nxd6 1-0

[Event "NOR-chT Elite 1920"]
[Site "Norway"]
[Date "2019.11.01"]
[Round "1.1"]
[White "Grebstad, Kjell Borre"]
[Black "Andersen, Lars Even"]
[Result "0-1"]
[WhiteElo "2065"]
[BlackElo "2308"]
[PlyCount "142"]
[EventDate "2019.11.01"]
[EventType "team-tourn"]
[EventRounds "9"]
[EventCountry "NOR"]
[SourceTitle "CBM 194 Extra"]
[Source "ChessBase"]
[SourceDate "2020.03.31"]
[SourceVersion "1"]
[SourceVersionDate "2020.03.31"]
[SourceQuality "1"]
[WhiteTeam "SOSS"]
[BlackTeam "OSS"]
[WhiteTeamCountry "NOR"]
[BlackTeamCountry "NOR"]

1. d4 d5 2. c4 e6 3. Nf3 Nf6 4. g3 dxc4 5. Qa4+ Bd7 6. Qxc4 Bc6 7. Bg2 Bd5 8. Qd3 Be4 9. Qb5+ Nc6 10. 0-0 a6 11. Qa4 b5 12. Qd1 Rb8 13. e3 Nb4 14. Ne1 Bxg2 15. Nxg2 c5 16. a3 Nc6 17. dxc5 Qxd1 18. Rxd1 Bxc5 19. b4 Bb6 20. Bb2 Ke7 21. Nd2 Rhd8 22. Rac1 Rbc8 23. Nb3 Rxd1+ 24. Rxd1 Ne8 25. Rc1 g6 26. Nd4 Na7 27. Rxc8 Nxc8 28. Nf4 Kd7 29. Nd3 Bxd4 30. Bxd4 Ncd6 31. Bb2 Nc4 32. Bc1 Kc6 33. Kf1 Ned6 34. f3 Nb7 35. Ke2 a5 36. Kd1 axb4 37. axb4 f5 38. Kc2 Kd5 39. Nf4+ Kd6 40. Nd3 Kd5 41. Nf4+ Kd6 42. Nd3 Ne5 43. Nxe5 Kxe5 44. Kd3 Nd6 45. Bb2+ Kd5 46. f4 Ne4 47. Bd4 Nf2+ 48. Ke2 Ng4 49. h3 Nh6 50. Kd3 Nf7 51. Bc5 Nd8 52. Be7 Nc6 53. Bf8 Nb8 54. Bc5 Nd7 55. Be7 Nb6 56. Bf6 Nc4 57. Be7 e5 58. Bc5 Nb2+ 59. Kc2 Na4 60. Be7 exf4 61. gxf4 Kc4 62. Kd2 Nc3 63. Bf8 Nd5 64. Bd6 Nxb4 65. e4 Nd3 66. Ke3 b4 67. e5 b3 68. Ba3 b2 69. Bxb2 Nxb2 70. e6 Kd5 71. e7 Nc4+ 0-1

[Event "NOR-ch Master"]
[Site "Larvik"]
[Date "2019.07.12"]
[Round "8"]
[White "Andersen, Lars Even"]
[Black "Thanke, Bror"]
[Result "1-0"]
[WhiteElo "2314"]
[BlackElo "2191"]
[PlyCount "101"]
[EventDate "2019.07.05"]
[EventType "swiss"]
[EventRounds "9"]
[EventCountry "NOR"]
[SourceTitle "EXT 2024"]
[Source "ChessBase"]
[SourceDate "2023.10.10"]
[SourceVersion "1"]
[SourceVersionDate "2023.10.10"]
[SourceQuality "1"]

1. d4 Nf6 2. Nf3 e6 3. g3 d5 4. Bg2 c5 5. 0-0 Nc6 6. c4 dxc4 7. Qa4 Nd5 8. dxc5 Bxc5 9. Qxc4 Be7 10. Rd1 Qc7 11. Nc3 Nxc3 12. Qxc3 Bf6 13. Qc2 0-0 14. Nd4 Rd8 15. Be3 Bxd4 16. Bxd4 Bd7 17. Rac1 Be8 18. Qc5 Qd6 19. Qxd6 Rxd6 20. Bc5 Rxd1+ 21. Rxd1 a6 22. Bb6 h6 23. h4 Kf8 24. Bc5+ Kg8 25. Kf1 Rc8 26. Bb6 Kf8 27. Rc1 Bd7 28. a4 Ke8 29. a5 Ne7 30. Rxc8+ Bxc8 31. Ke1 Kd7 32. e4 Nc6 33. f4 f6 34. h5 Kd6 35. Kd2 e5 36. Bf3 Bd7 37. Kc3 Be8 38. b4 g6 39. Bc5+ Kc7 40. hxg6 Bxg6 41. f5 Be8 42. Bd1 h5 43. Bb3 Kd7 44. Be6+ Kd8 45. Bb6+ Ke7 46. Bc8 Nd8 47. Bxd8+ Kxd8 48. Bxb7 Bb5 49. Bd5 Kc7 50. Bc4 Bc6 51. Kd3 1-0

[Event "NOR-ch Master"]
[Site "Larvik"]
[Date "2019.07.10"]
[Round "6"]
[White "Laverton, Christian"]
[Black "Andersen, Lars Even"]
[Result "0-1"]
[WhiteElo "2115"]
[BlackElo "2314"]
[PlyCount "94"]
[EventDate "2019.07.05"]
[EventType "swiss"]
[EventRounds "9"]
[EventCountry "NOR"]
[SourceTitle "EXT 2024"]
[Source "ChessBase"]
[SourceDate "2023.10.10"]
[SourceVersion "1"]
[SourceVersionDate "2023.10.10"]
[SourceQuality "1"]

1. d4 Nf6 2. Nf3 d5 3. c4 c6 4. e3 Bf5 5. Nc3 e6 6. Nh4 Bg4 7. Qb3 Qb6 8. h3 Bh5 9. g4 Bg6 10. Nxg6 hxg6 11. Bg2 Na6 12. Bd2 0-0-0 13. cxd5 exd5 14. Qxb6 axb6 15. Rc1 Nc7 16. 0-0 Kb8 17. Rfd1 Ne6 18. f4 Nc7 19. Be1 Re8 20. Rd3 b5 21. g5 Ng8 22. a4 bxa4 23. Nxa4 Ne7 24. Nb6 Nf5 25. Nd7+ Kc8 26. Ne5 Nd6 27. Rb3 Be7 28. Ba5 Ncb5 29. Bf3 Bd8 30. Bg4+ Kb8 31. Nd7+ Kc8 32. Nf6+ Re6 33. Bxe6+ fxe6 34. Bxd8 Kxd8 35. Ng4 Rxh3 36. Kg2 Nxd4 37. Kxh3 Nxb3 38. Rc3 Nd2 39. Ne5 N2c4 40. Nxg6 Nxb2 41. Ne5 Nbc4 42. Nxc4 dxc4 43. Kg4 b5 44. Kf3 b4 45. Rc1 b3 46. Ke2 Ne4 47. Rd1+ Ke7 0-1

[Event "NOR-ch Master"]
[Site "Larvik"]
[Date "2019.07.05"]
[Round "1"]
[White "Machlik, Edit"]
[Black "Andersen, Lars Even"]
[Result "0-1"]
[WhiteElo "2075"]
[BlackElo "2314"]
[PlyCount "52"]
[EventDate "2019.07.05"]
[EventType "swiss"]
[EventRounds "9"]
[EventCountry "NOR"]
[SourceTitle "EXT 2024"]
[Source "ChessBase"]
[SourceDate "2023.10.10"]
[SourceVersion "1"]
[SourceVersionDate "2023.10.10"]
[SourceQuality "1"]

1. d4 d5 2. c4 e6 3. Nc3 c5 4. cxd5 exd5 5. dxc5 d4 6. Na4 Bxc5 7. Nxc5 Qa5+ 8. Bd2 Qxc5 9. Rc1 Qf5 10. g3 Nc6 11. Bg2 Nge7 12. Nf3 Qh5 13. b4 Bh3 14. Rc5 Nf5 15. 0-0 Bxg2 16. Kxg2 Rd8 17. Bg5 f6 18. Rxf5 fxg5 19. Rxg5 Qf7 20. b5 Ne7 21. Re5 0-0 22. Ng5 Qf6 23. Qb3+ Kh8 24. h4 Qxe5 25. Nf7+ Rxf7 26. Qxf7 Qd5+ 0-1

[Event "NOR-chT 1718"]
[Site "Norway"]
[Date "2018.01.13"]
[Round "5.4"]
[White "Andersen, Lars Even"]
[Black "Fossan, Petter"]
[Result "1/2-1/2"]
[WhiteElo "2302"]
[BlackElo "2304"]
[PlyCount "75"]
[EventDate "2017.11.03"]
[EventType "team-tourn"]
[EventRounds "9"]
[EventCountry "NOR"]
[SourceTitle "EXT 2019"]
[Source "ChessBase"]
[SourceDate "2018.10.10"]
[SourceVersion "1"]
[SourceVersionDate "2018.10.10"]
[SourceQuality "1"]
[WhiteTeam "Black Knights"]
[BlackTeam "Stavanger"]
[WhiteTeamCountry "NOR"]
[BlackTeamCountry "NOR"]

1. Nf3 c5 2. g3 g6 3. Bg2 Bg7 4. c4 Nf6 5. Nc3 0-0 6. d4 cxd4 7. Nxd4 Nc6 8. e3 d6 9. 0-0 Ng4 10. b3 Bd7 11. Bb2 Nxd4 12. exd4 Rb8 13. a4 Nh6 14. Re1 Nf5 15. Nd5 Re8 16. Ra2 Bc6 17. Ne3 Nxe3 18. Rxe3 Bxg2 19. Kxg2 a6 20. a5 d5 21. c5 Qd7 22. Qd3 Qc6 23. Kg1 f6 24. Qe2 e6 25. b4 Re7 26. Ra1 Rbe8 27. f4 Kf7 28. h4 h5 29. Kh2 Rh8 30. Bc3 Rhe8 31. Rg1 Qb5 32. Qxb5 axb5 33. Ra1 Ra8 34. Bb2 Ra6 35. Kh3 Re8 36. Rg1 Rh8 37. Re2 f5 38. Rge1 1/2-1/2

[Event "NOR-chT 1516"]
[Site "Norway"]
[Date "2016.03.05"]
[Round "8.1"]
[White "Sorensen, Kristian"]
[Black "Andersen, Lars Even"]
[Result "0-1"]
[WhiteElo "2110"]
[BlackElo "2279"]
[PlyCount "74"]
[EventDate "2015.10.30"]
[EventType "team-tourn"]
[EventRounds "9"]
[EventCountry "NOR"]
[SourceTitle "EXT 2017"]
[Source "ChessBase"]
[SourceDate "2016.10.25"]
[SourceVersion "1"]
[SourceVersionDate "2016.10.25"]
[SourceQuality "1"]
[WhiteTeam "Sotra"]
[BlackTeam "Black Knights"]
[WhiteTeamCountry "NOR"]
[BlackTeamCountry "NOR"]

1. d4 Nf6 2. Nf3 c5 3. c3 e6 4. Bg5 Qb6 5. Qb3 Ne4 6. Bf4 d5 7. e3 c4 8. Qc2 Nd7 9. b3 cxb3 10. axb3 h6 11. h3 Bd6 12. Bxd6 Qxd6 13. Bd3 Ng5 14. Nbd2 Nxf3+ 15. Nxf3 0-0 16. 0-0 e5 17. Bf5 e4 18. Nd2 g6 19. Bg4 a6 20. c4 Nf6 21. Be2 Be6 22. Rfc1 Rac8 23. Qb2 Qe7 24. cxd5 Nxd5 25. Nxe4 Bxh3 26. Bf3 Be6 27. Nc5 Rc7 28. Nxe6 Rxc1+ 29. Qxc1 Qxe6 30. Qc4 Rd8 31. Ra5 b5 32. Qc5 Nxe3 33. fxe3 Qxe3+ 34. Kf1 Rxd4 35. Qc8+ Kg7 36. Qh3 Qc1+ 37. Kf2 Qd2+ 0-1

[Event "NOR-chT 1516"]
[Site "Norway"]
[Date "2016.03.04"]
[Round "7.1"]
[White "Andersen, Lars Even"]
[Black "Ekeberg, Carl Fredrik"]
[Result "1/2-1/2"]
[WhiteElo "2279"]
[BlackElo "2251"]
[PlyCount "55"]
[EventDate "2015.10.30"]
[EventType "team-tourn"]
[EventRounds "9"]
[EventCountry "NOR"]
[SourceTitle "EXT 2017"]
[Source "ChessBase"]
[SourceDate "2016.10.25"]
[SourceVersion "1"]
[SourceVersionDate "2016.10.25"]
[SourceQuality "1"]
[WhiteTeam "Black Knights"]
[BlackTeam "Asker"]
[WhiteTeamCountry "NOR"]
[BlackTeamCountry "NOR"]

1. d4 Nf6 2. Nf3 e6 3. g3 d5 4. Bg2 c5 5. c4 dxc4 6. 0-0 Nc6 7. Qa4 Bd7 8. Qxc4 Rc8 9. dxc5 Qa5 10. Bg5 Qxc5 11. Qh4 Be7 12. Nc3 Qb4 13. Qxb4 Bxb4 14. Rac1 h6 15. Bxf6 gxf6 16. Ne4 Ke7 17. a3 f5 18. Nc5 Bxc5 19. Rxc5 Nd4 20. Re5 Nxf3+ 21. Bxf3 Bc6 22. Bxc6 Rxc6 23. Rb5 b6 24. Rd1 Rhc8 25. Kf1 Rc5 26. Rb4 Rc4 27. Rxc4 Rxc4 28. Rd2 1/2-1/2

[Event "NOR-chT 1516"]
[Site "Norway"]
[Date "2016.01.16"]
[Round "5.1"]
[White "Strand, Haakon"]
[Black "Andersen, Lars Even"]
[Result "1-0"]
[WhiteElo "2170"]
[BlackElo "2279"]
[PlyCount "87"]
[EventDate "2015.10.30"]
[EventType "team-tourn"]
[EventRounds "9"]
[EventCountry "NOR"]
[SourceTitle "CBM 170 Extra"]
[Source "ChessBase"]
[SourceDate "2016.02.25"]
[SourceVersion "1"]
[SourceVersionDate "2016.02.25"]
[SourceQuality "1"]
[WhiteTeam "Stavanger"]
[BlackTeam "Black Knights"]
[WhiteTeamCountry "NOR"]
[BlackTeamCountry "NOR"]

1. e4 e5 2. Nf3 Nf6 3. d4 Nxe4 4. Bd3 d5 5. dxe5 Be7 6. 0-0 Nc5 7. Be2 0-0 8. Be3 c6 9. Nbd2 Bg4 10. Nd4 Bxe2 11. Qxe2 Qd7 12. f4 f5 13. g4 Ne6 14. Nxf5 d4 15. Nxd4 Nxd4 16. Qc4+ Kh8 17. Qxd4 Qxg4+ 18. Kh1 Qe6 19. Qe4 Nd7 20. Nb3 Nf6 21. Qf3 Ng4 22. Nd4 Qd7 23. e6 Qd5 24. Qxd5 cxd5 25. Bg1 Nh6 26. c3 a6 27. Rad1 Nf5 28. Nb3 Rfd8 29. Nc5 Rd6 30. Rfe1 g6 31. Nxb7 Rc6 32. Rxd5 Re8 33. Na5 Bh4 34. Nxc6 Bxe1 35. e7 Kg7 36. Bc5 Bh4 37. Rd7 Kf7 38. Ra7 Ke6 39. b4 Kd5 40. Rxa6 Kc4 41. Ra7 Kxc3 42. Rd7 Rc8 43. a4 Kc4 44. a5 1-0

[Event "NOR-chT 1516"]
[Site "Norway"]
[Date "2015.10.31"]
[Round "2.1"]
[White "Andersen, Lars Even"]
[Black "David, Edwin"]
[Result "1/2-1/2"]
[WhiteElo "2279"]
[BlackElo "2219"]
[PlyCount "46"]
[EventDate "2015.10.30"]
[EventType "team-tourn"]
[EventRounds "9"]
[EventCountry "NOR"]
[SourceTitle "CBM 169 Extra"]
[Source "ChessBase"]
[SourceDate "2015.12.18"]
[SourceVersion "1"]
[SourceVersionDate "2015.12.18"]
[SourceQuality "1"]
[WhiteTeam "Black Knights"]
[BlackTeam "Trondheim"]
[WhiteTeamCountry "NOR"]
[BlackTeamCountry "NOR"]

1. d4 e6 2. Nf3 f5 3. Bg5 Be7 4. Bxe7 Qxe7 5. Nc3 Nf6 6. Qd3 b6 7. e4 fxe4 8. Nxe4 Bb7 9. Ned2 Nc6 10. c3 e5 11. dxe5 Nxe5 12. Nxe5 Qxe5+ 13. Qe2 Qxe2+ 14. Kxe2 0-0 15. f3 Rae8+ 16. Kf2 g5 17. h3 Nd5 18. Bc4 Kg7 19. Rhe1 Nf4 20. Bf1 h5 21. Rxe8 Rxe8 22. g3 Ng6 23. Re1 Rxe1 1/2-1/2

[Event "NOR-chT 1516"]
[Site "Norway"]
[Date "2015.10.30"]
[Round "1.1"]
[White "Royset, Jon Kristian"]
[Black "Andersen, Lars Even"]
[Result "0-1"]
[WhiteElo "2250"]
[BlackElo "2279"]
[PlyCount "68"]
[EventDate "2015.10.30"]
[EventType "team-tourn"]
[EventRounds "9"]
[EventCountry "NOR"]
[SourceTitle "CBM 169 Extra"]
[Source "ChessBase"]
[SourceDate "2015.12.18"]
[SourceVersion "1"]
[SourceVersionDate "2015.12.18"]
[SourceQuality "1"]
[WhiteTeam "Tromsoe"]
[BlackTeam "Black Knights"]
[WhiteTeamCountry "NOR"]
[BlackTeamCountry "NOR"]

1. e4 c6 2. d4 d5 3. e5 Bf5 4. Nf3 e6 5. Be2 Ne7 6. 0-0 Nd7 7. Be3 Bg6 8. Nh4 c5 9. c3 Nc6 10. Nxg6 hxg6 11. Nd2 cxd4 12. cxd4 Rc8 13. a3 Be7 14. Nf3 Na5 15. Bd3 Nc4 16. Bc1 Qb6 17. Ra2 Rc6 18. Re1 a6 19. b3 Na5 20. Bc2 Qc7 21. g3 0-0 22. Bf4 Rc8 23. Bb1 Qb6 24. b4 Nc4 25. h4 a5 26. bxa5 Qxa5 27. Kg2 Nxa3 28. Ng5 Qc3 29. Rxa3 Qxa3 30. h5 Nf8 31. Rh1 b5 32. hxg6 fxg6 33. Rh4 Rc1 34. Bxc1 Qxc1 0-1

[Event "NOR-chT 1415"]
[Site "Norway"]
[Date "2015.03.08"]
[Round "11.6"]
[White "Andersen, Lars Even"]
[Black "Koskela, Niina"]
[Result "1-0"]
[WhiteElo "2253"]
[BlackElo "2238"]
[PlyCount "135"]
[EventDate "2014.10.31"]
[EventType "team-tourn"]
[EventRounds "11"]
[EventCountry "NOR"]
[SourceTitle "EXT 2016"]
[Source "ChessBase"]
[SourceDate "2015.10.08"]
[SourceVersion "1"]
[SourceVersionDate "2015.10.08"]
[SourceQuality "1"]
[WhiteTeam "Black Knights"]
[BlackTeam "SOSS"]
[WhiteTeamCountry "NOR"]
[BlackTeamCountry "NOR"]

1. Nf3 Nf6 2. c4 e6 3. g3 d5 4. Bg2 Be7 5. d4 0-0 6. Nc3 dxc4 7. Ne5 Nc6 8. Nxc6 bxc6 9. 0-0 Nd5 10. Na4 Rb8 11. Qc2 Ba6 12. Rd1 Nb4 13. Qb1 Bb5 14. Nc3 a5 15. h4 h6 16. Qe4 Nd5 17. Qg4 f5 18. Qf3 Nxc3 19. bxc3 Ba4 20. Re1 c5 21. d5 Bc2 22. dxe6 Be4 23. Qe3 Bxg2 24. Kxg2 Qd5+ 25. Qf3 Qxe6 26. e4 Rbd8 27. Bf4 Rd3 28. exf5 Qxf5 29. Qe4 Qxe4+ 30. Rxe4 Bf6 31. Rxc4 Rxc3 32. Rxc3 Bxc3 33. Rc1 Bd4 34. Be3 Rf7 35. Bxd4 cxd4 36. Rc5 Rd7 37. Kf1 a4 38. Ke2 a3 39. Kd3 Kf7 40. Rc4 c5 41. Rxc5 Rb7 42. Ra5 Rb2 43. Rxa3 Rxf2 44. Kxd4 Re2 45. Kd3 Re1 46. Rc3 Kf6 47. Kc4 Ra1 48. a3 g5 49. hxg5+ Kxg5 50. Kb4 h5 51. a4 Kg4 52. a5 Rb1+ 53. Rb3 Ra1 54. Ra3 Rb1+ 55. Ka4 Re1 56. a6 Re4+ 57. Kb5 Re5+ 58. Kc4 Re4+ 59. Kd5 Re8 60. a7 Ra8 61. Kc5 Rxa7 62. Rxa7 Kxg3 63. Kd4 h4 64. Ke3 h3 65. Rg7+ Kh2 66. Kf2 Kh1 67. Rg1+ Kh2 68. Rg3 1-0

[Event "NOR-ch Master"]
[Site "Trondheim"]
[Date "2014.07.13"]
[Round "2"]
[White "Andersen, Lars Even"]
[Black "Royset, Jon Kristian"]
[Result "0-1"]
[WhiteElo "2262"]
[BlackElo "2217"]
[PlyCount "108"]
[EventDate "2014.07.12"]
[EventType "swiss"]
[EventRounds "9"]
[EventCountry "NOR"]
[SourceTitle "EXT 2019"]
[Source "ChessBase"]
[SourceDate "2018.10.10"]
[SourceVersion "1"]
[SourceVersionDate "2018.10.10"]
[SourceQuality "1"]

1. Nf3 g6 2. c4 d6 3. d4 f5 4. g3 Bg7 5. Bg2 Nf6 6. 0-0 0-0 7. Nc3 Qe8 8. d5 Na6 9. Rb1 Bd7 10. Nd4 c6 11. a3 Rc8 12. Be3 Nc7 13. Rc1 c5 14. Nf3 h6 15. h4 Qf7 16. Qd2 Kh7 17. Bf4 b5 18. b3 a5 19. cxb5 Nxb5 20. Nxb5 Bxb5 21. Qxa5 Bxe2 22. Rfe1 Bd3 23. b4 Ra8 24. Qc7 Nxd5 25. Qb7 Be4 26. Bd2 Rfb8 27. Qc6 Nxb4 28. Qd7 Nd3 29. h5 gxh5 30. Nh4 Rb7 31. Bxe4 Rxd7 32. Bxd3 e6 33. Rxe6 Qxe6 34. Bxf5+ Qxf5 35. Nxf5 Rxa3 36. Bf4 Bf8 37. Re1 d5 38. Re6 d4 39. Rf6 Ra8 40. Nxh6 Bxh6 41. Rxh6+ Kg7 42. Rxh5 d3 43. Rxc5 d2 44. Bxd2 Rxd2 45. Rc7+ Kf6 46. Rc6+ Ke5 47. Rc5+ Ke4 48. Rc4+ Rd4 49. Rc7 Rf8 50. Re7+ Kf3 51. Re3+ Kg4 52. Re7 Rd1+ 53. Kg2 Rd2 54. Re4+ Kg5 0-1

[Event "NOR-chT 1314"]
[Site "Norway"]
[Date "2014.01.10"]
[Round "4.4"]
[White "Andersen, Lars Even"]
[Black "Kvisvik, Brede Alexander"]
[Result "1-0"]
[WhiteElo "2269"]
[BlackElo "2254"]
[PlyCount "69"]
[EventDate "2013.11.01"]
[EventType "team-tourn"]
[EventRounds "9"]
[EventCountry "NOR"]
[SourceTitle "EXT 2015"]
[Source "ChessBase"]
[SourceDate "2014.11.20"]
[SourceVersion "1"]
[SourceVersionDate "2014.11.20"]
[SourceQuality "1"]
[WhiteTeam "Black Knights"]
[BlackTeam "Valerenga"]
[WhiteTeamCountry "NOR"]
[BlackTeamCountry "NOR"]

1. d4 d5 2. Nf3 Nf6 3. c4 dxc4 4. e3 e6 5. Bxc4 a6 6. 0-0 b5 7. Be2 Bb7 8. a4 b4 9. Nbd2 c5 10. dxc5 Nbd7 11. Nb3 Nxc5 12. Qxd8+ Rxd8 13. Na5 Be4 14. Ne5 Nd3 15. Bxd3 Bxd3 16. Rd1 Rd5 17. Rxd3 Rxe5 18. Nc6 Rd5 19. Rxd5 Nxd5 20. Bd2 f5 21. Rc1 Kf7 22. Ne5+ Kf6 23. Nd7+ Kf7 24. Ne5+ Kf6 25. Nd7+ Kf7 26. Rc8 g5 27. Nb8 Bg7 28. Rxh8 Bxh8 29. Nxa6 b3 30. Nc5 Bxb2 31. Nxb3 Ke7 32. e4 fxe4 33. Bxg5+ Kd6 34. Nd2 Nc3 35. Nc4+ 1-0

[Event "Reunion op 15th"]
[Site "St Denis"]
[Date "2013.10.13"]
[Round "2"]
[White "Duprey, Francois Xavier"]
[Black "Andersen, Lars Even"]
[Result "0-1"]
[WhiteElo "1802"]
[BlackElo "2275"]
[PlyCount "56"]
[EventDate "2013.10.12"]
[EventType "swiss"]
[EventRounds "9"]
[EventCountry "RUF"]
[SourceTitle "EXT 2014"]
[Source "ChessBase"]
[SourceDate "2013.11.20"]
[SourceVersion "1"]
[SourceVersionDate "2013.11.20"]
[SourceQuality "1"]

1. c4 Nf6 2. Nf3 g6 3. g3 Bg7 4. Bg2 c5 5. 0-0 Nc6 6. Nc3 d5 7. cxd5 Nxd5 8. Nxd5 Qxd5 9. d3 0-0 10. Ng5 Qd7 11. Qa4 Nd4 12. Qd1 Rb8 13. Ne4 b6 14. Rb1 Bb7 15. Bd2 Rfd8 16. Bf4 Rbc8 17. Re1 Bd5 18. Nc3 Bxg2 19. Kxg2 Qb7+ 20. Kg1 c4 21. e4 Ne6 22. Nd5 Nxf4 23. Nxf4 cxd3 24. Re3 d2 25. Re2 Qd7 26. Nd5 e6 27. Ne3 Qd3 28. Nd5 Qxb1 0-1

[Event "Pula op 27th"]
[Site "Pula"]
[Date "2013.06.11"]
[Round "4"]
[White "Andersen, Lars Even"]
[Black "Kljako, Damir"]
[Result "1-0"]
[WhiteElo "2288"]
[BlackElo "2176"]
[PlyCount "79"]
[EventDate "2013.06.08"]
[EventType "swiss"]
[EventRounds "9"]
[EventCountry "CRO"]
[SourceTitle "CBM 154 Extra"]
[Source "ChessBase"]
[SourceDate "2013.06.25"]
[SourceVersion "2"]
[SourceVersionDate "2013.06.25"]
[SourceQuality "1"]

1. d4 g6 2. e4 Bg7 3. Nc3 d6 4. Be3 c6 5. Qd2 b5 6. f3 h5 7. Bd3 Nd7 8. a4 b4 9. Nd1 a5 10. Ne2 Ngf6 11. Nf2 Qc7 12. 0-0 Ba6 13. Rac1 0-0 14. Bh6 c5 15. c3 Qb7 16. Bxg7 Kxg7 17. f4 Bxd3 18. Qxd3 e6 19. f5 exf5 20. exf5 Rae8 21. Nf4 g5 22. Qg3 Kh6 23. N4h3 Rg8 24. Qxd6 bxc3 25. bxc3 cxd4 26. cxd4 Qd5 27. Qxd5 Nxd5 28. Rc6+ N7f6 29. Nd3 Re4 30. Ne5 Rxd4 31. Nxf7+ Kg7 32. Nhxg5 Rxa4 33. Ne5 Rb8 34. Ne6+ Kg8 35. Rfc1 Ne7 36. Rc7 Nxf5 37. Rf1 Nd5 38. Rxf5 Nxc7 39. Rg5+ Kh7 40. Rg7+ 1-0

[Event "Pula op 27th"]
[Site "Pula"]
[Date "2013.06.11"]
[Round "5"]
[White "Fercec, Nenad"]
[Black "Andersen, Lars Even"]
[Result "1-0"]
[WhiteElo "2499"]
[BlackElo "2288"]
[PlyCount "63"]
[EventDate "2013.06.08"]
[EventType "swiss"]
[EventRounds "9"]
[EventCountry "CRO"]
[SourceTitle "CBM 154 Extra"]
[Source "ChessBase"]
[SourceDate "2013.06.25"]
[SourceVersion "2"]
[SourceVersionDate "2013.06.25"]
[SourceQuality "1"]

1. e4 c5 2. Nf3 Nc6 3. d4 cxd4 4. Nxd4 Nf6 5. Nc3 g6 6. Nxc6 bxc6 7. e5 Ng8 8. Bc4 Qa5 9. 0-0 Ba6 10. Bxa6 Qxa6 11. Ne4 Bg7 12. Bf4 f6 13. Qxd7+ Kxd7 14. Nc5+ Kc8 15. Nxa6 fxe5 16. Bg3 Nh6 17. Rfe1 Nf7 18. Re3 Rd8 19. Rae1 Rd5 20. b4 Kb7 21. Nc5+ Kb6 22. c4 Rd2 23. Ne6 Bf6 24. f3 a5 25. bxa5+ Rxa5 26. Rb3+ Ka6 27. Nc7+ Ka7 28. Reb1 Nd6 29. Be1 Rdxa2 30. Bxa5 Rxa5 31. Rb8 Nb5 32. Ra8+ 1-0

[Event "NOR-chT 1213"]
[Site "Norway"]
[Date "2013.04.07"]
[Round "9"]
[White "Haugli, Petter"]
[Black "Andersen, Lars Even"]
[Result "1/2-1/2"]
[WhiteElo "2293"]
[BlackElo "2297"]
[PlyCount "37"]
[EventDate "2012.11.02"]
[EventType "team-tourn"]
[EventRounds "9"]
[EventCountry "NOR"]
[SourceTitle "EXT 2014"]
[Source "ChessBase"]
[SourceDate "2013.11.20"]
[SourceVersion "1"]
[SourceVersionDate "2013.11.20"]
[SourceQuality "1"]
[WhiteTeam "Moss"]
[BlackTeam "Black Knights"]
[WhiteTeamCountry "NOR"]
[BlackTeamCountry "NOR"]

1. d4 Nf6 2. c4 e6 3. Nc3 Bb4 4. e3 c5 5. Bd3 0-0 6. Nf3 d5 7. 0-0 dxc4 8. Bxc4 b6 9. a3 Bxc3 10. bxc3 Qc7 11. Qe2 Bb7 12. Bb2 Nbd7 13. Rac1 Rfd8 14. Rfd1 Rac8 15. Bd3 Be4 16. Bxe4 Nxe4 17. c4 cxd4 18. exd4 Ndf6 19. d5 1/2-1/2

[Event "NOR-chT 1213"]
[Site "Norway"]
[Date "2012.11.02"]
[Round "6"]
[White "Aulin Jansson, Joran"]
[Black "Andersen, Lars Even"]
[Result "1/2-1/2"]
[WhiteElo "2232"]
[BlackElo "2297"]
[PlyCount "96"]
[EventDate "2012.11.02"]
[EventType "team-tourn"]
[EventRounds "9"]
[EventCountry "NOR"]
[SourceTitle "EXT 2015"]
[Source "ChessBase"]
[SourceDate "2014.11.20"]
[SourceVersion "1"]
[SourceVersionDate "2014.11.20"]
[SourceQuality "1"]
[WhiteTeam "Asker"]
[BlackTeam "Black Knights"]
[WhiteTeamCountry "NOR"]
[BlackTeamCountry "NOR"]

1. d4 d5 2. Nf3 Nf6 3. Bg5 Ne4 4. Bh4 c5 5. e3 Bg4 6. c3 cxd4 7. exd4 Qb6 8. Qb3 Bxf3 9. gxf3 Nd6 10. Qxb6 axb6 11. Na3 e6 12. Nb5 Kd7 13. Bd3 Nc6 14. Rg1 g6 15. Bf6 Rg8 16. Bg5 Nxb5 17. Bxb5 Bd6 18. Be3 h5 19. h3 Kc7 20. Ke2 Na7 21. Bd3 b5 22. Rgc1 Rgb8 23. b3 Kd7 24. Rc2 Rc8 25. a3 Kc7 26. Rca2 Rab8 27. f4 Kd7 28. Bd2 Rc7 29. Ke3 Rbc8 30. a4 bxa4 31. Rxa4 Nc6 32. c4 dxc4 33. bxc4 Rb8 34. Be4 b5 35. Bxc6+ Rxc6 36. Ra7+ Rc7 37. c5 Rxa7 38. Rxa7+ Bc7 39. Ba5 Rc8 40. h4 Kc6 41. Bxc7 Rxc7 42. Rxc7+ Kxc7 43. Kd3 Kc6 44. Kc3 Kb7 45. Kb3 Ka7 46. Kb4 Ka6 47. f3 f5 48. Kb3 Ka7 1/2-1/2